000 01243naa a22003617a 4500
001 BR7805311
003 BR-BrBNA
005 20240918174214.0
007 ta
008 230509b bl.||||| |||| 00| 0 por d
040 _aBR-BrBNA
_bpor
_cBiblioteca Nacional de Agricultura
041 _a(Pt)
072 _aF00; F30
_b1822
_bG514
090 _aF00 BR7805311
100 1 _aPedrosa, J.F.
100 1 _aAraujo Filho, O.S. de
100 1 _aPereira, F.A.
100 1 _aCartaxo, F.P.
245 1 _aInfluencia do metodo e densidade de plantio sobre a producao de moranga (Cucurbita maxima, Duch)e hibrido Tetsukabuto [Lavras, Minas Gerais, Brasil]
260 3 _aBelo Horizonte, MG (Brasil):
_c1978.
500 _aProjeto olericultura. Relatorio anual 1975/76 Belo Horizonte, MG (Brasil): 1978. p. 234-237 (BR7805311-AM)F00
650 _aABOBORA MORANGA
650 _aDENSIDADE DE PLANTIO
650 _aESPACAMENTO
650 _aRENDIMENTO
650 _aHIBRIDACAO
650 _aHIBRIDO
650 _aLAVRAS
650 _aMINAS GERAIS
773 0 _tProjeto olericultura. Relatorio anual 1975/76
_wF00 BR7805311
_gBelo Horizonte, MG (Brasil), 1978. p. 234-237
909 _a202404
_bLucia
_c55
_dLucia Elande
942 _cAM
_2AGRIS
999 _c309584
_d309584